000 00676cam a2200205 i 4500
020 _a9789699532016
082 _a294.65491
_bSHA
100 1 _aShāh, Ṣafdar ʻAlī,
_950776
245 1 4 _aThe Sikh heritage of Pakistan /
_cDr. Safdar Ali Shah, Syed Javaid A. Kazi.
300 _ax, 96 pages :
_billustrations ;
_c31 cm
526 _a0
_b0
_c0
_d294_654910000000000_SHA
650 0 _aSikh temples
_zPakistan
_96450
650 0 _aSikh temples
_zPakistan.
_96450
650 0 _aSikhism
_zPakistan
_96448
650 0 _aSikhism
_zPakistan.
_96448
650 0 _aSikhs
_zPakistan
_96452
650 0 _aSikhs
_zPakistan.
_96452
700 1 _aKazi, Syed Javaid A.,
_96457
942 _2ddc
_cBK
999 _c553532
_d553532